000 01023nam a22002417a 4500
003 BUBTL
008 231129b ||||| |||| 00| 0 eng d
020 _a9789849120858
041 _aBen
082 _a954.92/ H2733n/ 2019
100 _aহাসিনা, শেখ
_93866
245 _aনবম জাতীয় সংসদ প্রধানমন্ত্রীর প্রশ্নোত্তর দশম খন্ড [২০০৯-২০১৩] /
_cশেখ হাসিনা
250 _aIst ed.
260 _aBangladesh :
_bGourob Prokashon,
_cc2019
300 _a338 p.
_c23 cm.
505 _aনবম জাতীয় সংসদ প্রধানমন্ত্রীর প্রশ্নোত্তর দশম খন্ড [২০০৯-২০১৩] , শেখ হাসিনা , রাজনীতি
526 _aAll Programs
650 0 _95592
_aPolitical Science
700 _a
_95611
856 _k0
_l0
_yDownload
942 _2ddc
_cBK
999 _c7167
_d7167